LEADER 01308nam2 22003133i 450 001 AQ10010810 005 20251003044042.0 100 $a20081017d1991 ||||0itac50 ba 101 | $aita 102 $ait 181 1$6z01$ai $bxxxe 182 1$6z01$an 183 1$6z01$anc$2RDAcarrier 200 0 $aParte 2$fSergio Campanato 205 $a2. ed 210 $aPisa$cLibreria scientifica Giordano Pellegrini$d1991 215 $a414 p.$d24 cm. 461 1$1001AQ10003822$12001 $aEsercizi e complementi di analisi matematica$fSergio Campanato$v2 606 $aAnalisi matematica$xEsercizi$2FIR$3CFIC000581$9E 676 $a515.076$9Analisi. Prontuari scolastici ed esercizi$v14 676 $a515.076$9Analisi. Prontuari ed esercizi$v22 700 1$aCampanato$b, Sergio$3CFIV001436$4070$08242 801 3$aIT$bIT-000000$c20081017 850 $aIT-BN0095 912 $aAQ10010810 950 2$aBiblioteca Centralizzata di Ateneo$cv. 1-2 in due copie$d 01SALA DING 515.076 CAM.es$e 0102 0000020275 VMA A4(0002bis v. 2 (2. copia)$fY $h19990324$i19990324$cv. 1-2 in due copie$d 01SALA DING 515.076 CAM.es$e 0102 0000002385 VMA A4(0002 v. 2$fY $h19930602$i19930602 977 $a 01 996 $aParte 2$91574662 997 $aUNISANNIO